000 00934cam a22002897a 4500
003 CHAP
005 20220329133304.0
008 971013s1990 r 00010 d
010 _a4373
011 _a5345
035 _a4552
040 _cCHAP
090 _aFolleto 12625 v.7
110 _aVeracruz. Gobierno del Estado. Programa Estatal de Solidaridad
_9118823
245 0 _aCartilla de apoyo a la producción
_b: cítricos
260 _aVeracruz, Ver. :
_bGobierno del Estado de Veracruz,
_c1990
300 _a12 p.
_b: ilus
590 _aBATCH-UPD
_b10
_c20130110
_lUCH01
_h1607
590 _aBATCH-UPD
_b10
_c20130410
_lUCH01
_h1003
590 _aBATCH-UPD
_b10
_c20130914
_lUCH01
_h0957
590 _aCONVERSION
_b10
_c20130109
_lUCH01
_h1304
650 1 4 _aCítricos
_xRendimiento.
_924463
650 1 4 _aCítricos
_xVeracruz.
_924472
901 _aBK
942 _cFOLL
949 _aFolleto 12625 v.7
_bBC
_cFOLL
_d-14099
_eTS1
_i4552
_si
999 _c4373
_d4373